000
00309nam a22001217a 4500
008
230620b xxu||||| |||| 00| 0 eng d
082
_a
324.6
_b
SAD
100
_c
SADC
245
_a
Lesotho 2002
_b
Election Observation Mission Mission Report
260
_a
Lesotho
_b
SADC
_c
2002
300
_a
50p
942
_2
ddc
_c
BK
999
_c
1751
_d
1751